Mort subite - Pour qui Jean-Jacques Goldman a-t-il déjà écrit ? - Statistiques

Statistiques générales
  • Ce quiz a été pris 342 fois
  • Le résultat moyen est 5 sur 18
Answers on the Grid
Answers color-coded by a green-red scale on the quiz's grid according to % correct below.
Patrick Fiori
Édith Piaf
Johnny Hallyday
Patricia Kaas
Eddy Mitchell
Garou
Daniel Balavoine
Florent Pagny
Vitaa
Khaled
Marc Lavoine
Julien Doré
Maurane
Francis Cabrel
Christophe Willem
Zazie
Ray Charles
Lââm
Liane Foly
Telephone
Calogero
Pierre Garnier
Céline Dion
Jean-Marie Bigard
Lara Fabian
Les Enfoirés
Hélène Ségara
Zaz
 
Statistiques - réponses
Réponse % Correct
Johnny Hallyday
74%
Céline Dion
56%
Patrick Fiori
53%
Les Enfoirés
50%
Florent Pagny
44%
Patricia Kaas
40%
Garou
33%
Khaled
33%
Calogero
24%
Marc Lavoine
22%
Maurane
20%
Zaz
16%
Hélène Ségara
15%
Liane Foly
14%
Christophe Willem
12%
Lââm
10%
Jean-Marie Bigard
8%
Ray Charles
4%
Aucun quiz correspondant
Distribution des résultats
% des personnes avec chaque résultat
Percentile par nombre de réponses
Votre historique - résultats
Vous n’avez pas pris ce quiz